000 00430nam a2200157Ia 4500
008 240729s9999 xx 000 0 und d
022 _a2813-5334
245 0 _aFrontiers in Aquaculture
260 _aSwitzerland
260 _bFrontiers Media S.A.
650 _a Aquaculture. Fisheries. Angling
650 _aAgriculture
856 _uhttps://doaj.org/toc/4a7a6af43e44442abda46dcbc85615ca
942 _2ddc
942 _cDOAJEJ
999 _c72598
_d72598
945 _a1
_bMadushi Gamage
_c1
_dMadushi Gamage